[Event "John Bishop Minor op"]
[Site "Cardiff"]
[Date "2009.04.11"]
[Round "2"]
[White "Herkes, Steve"]
[Black "Smith, Phil M"]
[Result "1-0"]
[WhiteElo "1627"]
[BlackElo "1479"]
[PlyCount "51"]
[EventDate "2009.04.10"]
[EventType "swiss"]
[EventRounds "7"]
[EventCountry "WLS"]
[SourceTitle "EXT 2011"]
[Source "ChessBase"]
[SourceDate "2010.11.26"]
[SourceVersion "1"]
[SourceVersionDate "2010.11.26"]
[SourceQuality "1"]

1. e4 e5 2. Nf3 Nc6 3. Bc4 Be7 4. 0-0 d6 5. d3 Bg4 6. Be3 Nf6 7. Nbd2 Nd7 8. a3 Nf8 9. Bd5 Qd7 10. b4 a6 11. Qc1 Be6 12. c4 Nd8 13. Qc3 c6 14. Bxe6 Ndxe6 15. Nb3 Ng6 16. Rad1 0-0 17. c5 f5 18. cxd6 Bxd6 19. Nbd2 f4 20. Bb6 Qe7 21. Nc4 Nc7 22. Nxd6 Qxd6 23. Bc5 Nb5 24. Qc4+ Rf7 25. Bxd6 Nxd6 26. Qc5 1-0

[Event "John Bishop Minor op"]
[Site "Cardiff"]
[Date "2009.04.10"]
[Round "1"]
[White "Smith, Phil M"]
[Black "John, Michael"]
[Result "1-0"]
[WhiteElo "1479"]
[BlackElo "1000"]
[PlyCount "49"]
[EventDate "2009.04.10"]
[EventType "swiss"]
[EventRounds "7"]
[EventCountry "WLS"]
[SourceTitle "EXT 2011"]
[Source "ChessBase"]
[SourceDate "2010.11.26"]
[SourceVersion "1"]
[SourceVersionDate "2010.11.26"]
[SourceQuality "1"]

1. e4 e5 2. Nf3 Nc6 3. Bc4 d6 4. 0-0 Nf6 5. Re1 d5 6. exd5 Nxd5 7. Nxe5 Nxe5 8. Rxe5+ Ne7 9. Nc3 Bf5 10. d3 g6 11. Qe2 Bg7 12. Rd5 Bd7 13. Bd2 0-0 14. Rg5 Bh6 15. Rg3 Bxd2 16. Qxd2 Kg7 17. Re1 Nf5 18. Rf3 Nh6 19. Ne4 Bg4 20. Qc3+ f6 21. Rg3 Qd7 22. h3 Bf5 23. Rge3 Rae8 24. Nxf6 Rxe3 25. Nxd7+ 1-0

[Event "John Bishop Minor op"]
[Site "Wales"]
[Date "2007.04.09"]
[Round "6"]
[White "Emblem, Mark"]
[Black "Smith, Phil M"]
[Result "1-0"]
[WhiteElo "1191"]
[BlackElo "1493"]
[PlyCount "79"]
[EventDate "2007.04.06"]
[EventType "swiss"]
[EventRounds "7"]
[EventCountry "WLS"]
[SourceTitle "EXT 2010"]
[Source "ChessBase"]
[SourceDate "2010.11.25"]
[SourceVersion "1"]
[SourceVersionDate "2010.11.25"]
[SourceQuality "1"]

1. d4 d5 2. Nf3 Nc6 3. Bf4 b6 4. e3 Bb7 5. Nbd2 Nf6 6. Bd3 e6 7. c3 Be7 8. Ne5 0-0 9. Ndf3 Nh5 10. Bg3 Nxg3 11. hxg3 g6 12. Bc2 Bf6 13. Qd3 Nxe5 14. Nxe5 Bxe5 15. dxe5 f5 16. f3 a5 17. 0-0-0 Ba6 18. Qd2 Qe7 19. f4 Rad8 20. Bd3 Bxd3 21. Qxd3 Qc5 22. Kb1 Rd7 23. Rd2 Rfd8 24. Rhd1 Qe7 25. Qe2 c6 26. c4 Rb8 27. cxd5 cxd5 28. g4 Rc8 29. gxf5 gxf5 30. g4 fxg4 31. Qxg4+ Kf8 32. Rg2 Qg7 33. Qh3 Qf7 34. Rdg1 Rdc7 35. Qh6+ Ke8 36. Rg8+ Kd7 37. R8g7 Qxg7 38. Rxg7+ Kc6 39. Rxc7+ Rxc7 40. Qxe6+ 1-0